Social psychology / (Record no. 7232)

MARC details
000 -LEADER
fixed length control field 01090nam a22001937a 4500
008 - FIXED-LENGTH DATA ELEMENTS--GENERAL INFORMATION
fixed length control field 110818t xxu||||| |||| 00| 0 eng d
020 ## - INTERNATIONAL STANDARD BOOK NUMBER
International Standard Book Number 9780071285438
020 ## - INTERNATIONAL STANDARD BOOK NUMBER
International Standard Book Number 0071285431
050 ## - LIBRARY OF CONGRESS CALL NUMBER
Classification number HM1033.F85(5e)
100 ## - MAIN ENTRY--PERSONAL NAME
Personal name Franzoi, Stephen L
245 ## - TITLE STATEMENT
Title Social psychology /
Statement of responsibility, etc. Stephen L Franzoi
250 ## - EDITION STATEMENT
Edition statement 5th ed
260 ## - PUBLICATION, DISTRIBUTION, ETC.
Place of publication, distribution, etc. Boston:
Name of publisher, distributor, etc. McGraw-Hill,
Date of publication, distribution, etc. 2009.
300 ## - PHYSICAL DESCRIPTION
Extent xxii, 506 p. + various pagings
Other physical details ill. (some col.)
Dimensions 29 cm
500 ## - GENERAL NOTE
General note Includes bibliographical references and index.
505 ## - FORMATTED CONTENTS NOTE
Formatted contents note Contents: Social psychology as a discipline -- Part 1. Perceiving people and events: The Self, Self presentation and social perception, Social cognition -- Part 2. Evaluating our social world: Attitudes, Persuasion, Prejudice and discrimination -- Part 3. Understanding our place within the group: Social influence, Group behaviour -- Part 4. Interacting with others: Interpersonal interaction, Intimate relationships, Aggression, Prosocial behaviour: helping others,The Personal relevance of social psychology.
650 ## - SUBJECT ADDED ENTRY--TOPICAL TERM
Topical term or geographic name entry element Social psychology.
942 ## - ADDED ENTRY ELEMENTS (KOHA)
Source of classification or shelving scheme Dewey Decimal Classification
Koha item type Books
Holdings
Withdrawn status Lost status Source of classification or shelving scheme Damaged status Not for loan Home library Current library Shelving location Date acquired Full call number Barcode Date last seen Price effective from Koha item type
    Library of Congress Classification     WISCONSIN INTERNATIONAL UNIVERSITY COLLEGE, GHANA KUMASI LIBRARY WISCONSIN INTERNATIONAL UNIVERSITY COLLEGE, GHANA KUMASI LIBRARY nursing 24/06/2019 HM1033.F85(5e) KSN/042/19 12/05/2020 12/05/2020 Books

If you have any concerns or questions; kindly contact the library


© Powered by WIUC ICT DIRECTORATE